000 00801nam a22002177a 4500
999 _c63338
_d63338
005 20240530110635.0
008 170923s2015 ua a f b 000 0 ara d
017 _a3999
_bمصر. دار الكتب
020 _a9789773686062
040 _aEG-CaGPL
_cEG-CaGPL
082 0 4 _221
_a320.962\
_bق/ع ع
100 0 _aعلاءالدين سعد جاويش .
245 1 0 _aعن حكاوى المخبصة :
_bقراءة ساخرة لاوضاع مصر الحاضرة /
_cعلاءالدين سعد جاويش .
250 _aط.1
260 _aالاسكندرية :
_bمؤسسة حورس الدولية
_c2015 .
300 _a138 ص ؛
_c24 سم .
650 _2qrmak
651 0 7 _2qrmak
_aمصر
_xالاحوال السياسية .
942 _2ddc
_cBK